Allies Of Russia ( Government ) - Statistics

General Stats
  • This quiz has been taken 87 times
  • The average score is 11 of 13
Answer Stats
Continent Answer % Correct
Asia China
99%
Europe Belarus
96%
Asia North Korea
93%
Asia Iran
90%
North America Cuba
89%
Asia Kazakhstan
87%
Asia Syria
86%
South America Venezuela
86%
Europe Serbia
83%
Asia Armenia
81%
Asia India
80%
Asia Azerbaijan
73%
Asia Turkey
64%
No matching quizzes found
Score Distribution
Percent of People with Each Score
Percentile by Number Answered
Your Score History
You have not taken this quiz